Reglamento para la vacunación obligatoria y revacunaciones del personal de la Armada : (Record no. 155937)

MARC details
000 -LEADER
campo de control de longitud fija 00657nam a2200181 i 4500
001 - NÚMERO DE CONTROL
campo de control 155937
003 - IDENTIFICADOR DE NÚMERO DE CONTROL
campo de control ES-MaACL
005 - FECHA Y HORA DE LA ÚLTIMA TRANSACCIÓN
campo de control 20250702063109.0
008 - DATOS DE LONGITUD FIJA--INFORMACIÓN GENERAL
campo de control de longitud fija 180313e1889 sp |||| | spa d
245 00 - MENCIÓN DEL TÍTULO
Título Reglamento para la vacunación obligatoria y revacunaciones del personal de la Armada :
Resto del título aprobado por S. M. en 26 de octubre de 1888.
260 ## - PUBLICACIÓN, DISTRIBUCIÓN, ETC.
Lugar de publicación, distribución, etc. Madrid :
Nombre del editor, distribuidor, etc. [s.n.],
Fecha de publicación, distribución, etc. 1889
Fabricante (Tip. de los Huérfanos)
300 ## - DESCRIPCIÓN FÍSICA
Extensión 19 páginas ;
Dimensiones 22 cm.
650 04 - PUNTO DE ACCESO ADICIONAL DE MATERIA--TÉRMINO DE MATERIA
Término de materia o nombre geográfico como elemento de entrada Vacunación
9 (RLIN) 136969
852 ## - LOCALIZACIÓN
Ubicación ES-MaACL
Ubicación en estantería Depósito folletos
Donativo/Legado Donativo de Vicente Cabello
Número de control de estantería T-946-F-7
942 ## - ELEMENTOS DE ENTRADA SECUNDARIOS (KOHA)
Fuente del sistema de clasificación o colocación Clasificación decimal universal
Tipo de ítem Koha Folleto
Suprimir en OPAC No
Holdings
Estatus retirado Estado de pérdida Estado de daño No para préstamo Colección Biblioteca de origen Biblioteca actual Ubicación en estantería Fecha de adquisición Fuente de adquisición Total de préstamos Signatura topográfica completa Código de barras Visto por última vez Precio de reemplazo Tipo de ítem Koha
        Colección de folletos Biblioteca del Ateneo de Madrid Biblioteca del Ateneo de Madrid Depósito folletos 13/03/2018     T-946-F-7 1198473 23/02/2023 23/02/2023 Folleto